000 00621nam a2200205Ia 4500
003 GCL
008 140319s9999 xx 000 0 ara d
040 _aGCL /
_cGCL
082 0 4 _a813.03
_bنم
100 1 _aنجيب محفوظ
245 1 0 _aالمؤلفات الكاملة(نجيب محفوظ) /
_cنجيب محفوظ
260 _aبيروت :
_bمكتبة لبنان ،
_c1990
300 _aمتعدد الترقيم ؛
_c28سم
490 _a
650 0 4 _aالادب العربى
650 0 4 _aالقصص العربية
650 0 4 _aنجيب محفوظ
650 0 4 _aالمجموعات
942 _2ddc
_cBK
999 _c32489
_d32489